Engineering Properties of Agricultural Produce (Record no. 17422)
[ view plain ]
| 000 -LEADER | |
|---|---|
| fixed length control field | 00462nam a22001697a 4500 |
| 003 - CONTROL NUMBER IDENTIFIER | |
| control field | OSt |
| 008 - FIXED-LENGTH DATA ELEMENTS--GENERAL INFORMATION | |
| fixed length control field | 210914b ||||| |||| 00| 0 eng d |
| 020 ## - INTERNATIONAL STANDARD BOOK NUMBER | |
| ISBN | 9789389130447 |
| 082 ## - DEWEY DECIMAL CLASSIFICATION NUMBER | |
| Classification number | 630.2 |
| Item number | SUR/EN |
| 245 ## - TITLE STATEMENT | |
| Title | Engineering Properties of Agricultural Produce |
| 260 ## - PUBLICATION, DISTRIBUTION, ETC. (IMPRINT) | |
| Place of publication | New Delhi |
| Name of publisher | New India Publishing Agency |
| Year of publication | 2020 |
| 300 ## - PHYSICAL DESCRIPTION | |
| Number of Pages | 223 Pages |
| 700 ## - ADDED ENTRY--PERSONAL NAME | |
| Personal name | Suresh Chandra |
| 700 ## - ADDED ENTRY--PERSONAL NAME | |
| Personal name | Samsher |
| 700 ## - ADDED ENTRY--PERSONAL NAME | |
| Personal name | Suneel kumar Goyal |
| 942 ## - ADDED ENTRY ELEMENTS (KOHA) | |
| Koha item type | Books |
| Withdrawn status | Lost status | Damaged status | Home library | Current library | Shelving location | Date acquired | Cost, normal purchase price | Full call number | Accession Number | Koha item type |
|---|---|---|---|---|---|---|---|---|---|---|
| KAUAET | KAUAET | NAHEP-CAAST Project | 07/09/2021 | 2100.00 | 630.2 SUR/EN | 26015 | Books | |||
| KAUAET | KAUAET | NAHEP-CAAST Project | 07/09/2021 | 2100.00 | 630.2 SUR/EN | 26016 | Books |
